The theory of capitalist development / (Record no. 7403)

MARC details
000 -LEADER
fixed length control field 00556nam a22002057a 4500
001 - CONTROL NUMBER
control field BD-DhSAU 1962
003 - CONTROL NUMBER IDENTIFIER
control field BD-DhSAU
005 - DATE AND TIME OF LATEST TRANSACTION
control field 20150522153253.0
008 - FIXED-LENGTH DATA ELEMENTS--GENERAL INFORMATION
fixed length control field 150122b1956 - a|||| |||| 001 0 eng d
040 ## - CATALOGING SOURCE
Original cataloging agency BD-DhSAU
082 ## - DEWEY DECIMAL CLASSIFICATION NUMBER
Edition number 22
Classification number 330.1
Item number SWT
100 ## - MAIN ENTRY--PERSONAL NAME
Personal name Sweezy, Paul M
245 ## - TITLE STATEMENT
Title The theory of capitalist development /
Statement of responsibility, etc. Paul M Sweezy
260 ## - PUBLICATION, DISTRIBUTION, ETC. (IMPRINT)
Place of publication, distribution, etc. New York :
Name of publisher, distributor, etc. Monthly Review Press. ;
Date of publication, distribution, etc. c1956.
300 ## - PHYSICAL DESCRIPTION
Extent 398 p. :
Other physical details ill. ;
Dimensions 22 cm.
504 ## - BIBLIOGRAPHY, ETC. NOTE
Bibliography, etc Includes index.
590 ## - Name of Cataloguer
Name of Cataloger erfat
650 ## - SUBJECT ADDED ENTRY--TOPICAL TERM
Topical term or geographic name as entry element Capitalist
Source of heading or term theory.
942 ## - ADDED ENTRY ELEMENTS (KOHA)
Source of classification or shelving scheme Dewey Decimal Classification
Koha item type Book
Holdings
Withdrawn status Lost status Source of classification or shelving scheme Damaged status Not for loan Collection code Home library Branch Name Shelving location Date acquired Total Checkouts Full call number Barcode Date last seen Price effective from Koha item type
    Dewey Decimal Classification   Not For Loan Reference SAU Library SAU Library Reference 22/05/2015   330.1 SWT 3189 22/05/2015 22/05/2015 Book